000 00916nam a22002057a 4500
008 120716t xxu||||| |||| 00| 0 eng d
020 _a139781418860387
050 _aQA76.P3555
100 _aParsons, June Jamrich.
245 _aComputer concepts. /
_cJune Jamrich Parsons.
250 _a6th ed.
260 _aAustralia:
_bThomson,
_c2007.
300 _axxiv, 440 p.:
_bill.;
_c28cm.
500 _aIncludes index and glossary.
505 _aContents: Computer and internet basics -- Computer hardware -- Computer software -- Digital electronics and file management -- Networks and the internet -- Data security -- The Web and E-commerce -- Digital media -- Information systems basics -- Database basics -- Computer programming basics -- The Computer industry and careers.
650 _aComputer science.
650 _aComputer science
_x Problems, exercises, etc.
700 _aOja, Dan.
942 _2lcc
_cBK
999 _c1691
_d9191